Pollyanna [

Bibliographic Details
Main Author: Porter, Eleanor H.
Format: Book
Published: London : BBC Video , 1993
Series:Young BBC classic collection
Subjects:

MARC

LEADER 00000cam a2200000 7i4500
001 0000001969
002 000002140
005 20000330.0
020 |a 000002140 
090 0 0 |a YF   |b POR 
100 1 |a Porter, Eleanor H. 
245 1 0 |a Pollyanna [  |h videorecording]   |c Eleanor H.Porter ; Dramatised by Joy Harington 
260 |a London :   |b BBC Video ,   |c 1993 
300 |a 2 videocassettes VHS (155 mins. approx.) :   |b Col.(PAL) 
490 0 |a Young BBC classic collection 
650 0 0 |a Children's classsic 
999 |a 00061   |b VIDEO   |c KOLEKSI AUDIO VIDEO   |e PERPUSTAKAAN KOMUNITI PETALING JAYA